Philippe Roman estje az egyetemen

Elmentve itt :
Bibliográfiai részletek
Szerző: Pagliano, Jean-Paul
Dokumentumtípus: Cikk
Megjelent: 1985-10-18
Sorozat:Délmagyarország 75 No. 245
Kulcsszavak:József Attila Tudományegyetem
Online Access:http://dmarchiv.bibl.u-szeged.hu/117990
LEADER 00481nab a2200157 i 4500
001 delm117990
005 20190906120933.0
008 190906s1985 hu o 0|| hun d
040 |a SZTE Délmagyarország Archívum  |b hun 
041 |a hun 
100 1 |a Pagliano, Jean-Paul 
245 1 0 |a Philippe Roman estje az egyetemen  |h [elektronikus dokumentum] /  |c  Pagliano, Jean-Paul 
260 |c 1985-10-18 
300 |a 5 
490 0 |a Délmagyarország  |v 75 No. 245 
695 |a József Attila Tudományegyetem